Intellect India : (Record no. 5717)

MARC details
000 -LEADER
fixed length control field 00647 a2200193 4500
010 ## - LCCN (DPL NO)
LC control number ENG-86973
020 ## - INTERNATIONAL STANDARD BOOK NUMBER
International Standard Book Number 8183820999
Terms of availability 450.00
035 ## - SYSTEM CONTROL NUMBER
System control number EN-70506
037 ## - SOURCE OF ACQUISITION
Source of stock number/acquisition DBAD / PUB
082 ## - DEWEY DECIMAL CLASSIFICATION NUMBER
Classification number 954.01
100 ## - MAIN ENTRY--PERSONAL NAME
Personal name Macdonell, A. A.
245 1# - TITLE STATEMENT
Title Intellect India :
Statement of responsibility, etc by A. A. Macdonell
Remainder of title classics revived for an ultramodern world /
260 ## - PUBLICATION, DISTRIBUTION, ETC. (IMPRINT)
Place of publication, distribution, etc New Delhi
Name of publisher, distributor, etc Lotus Press
Date of publication, distribution, etc 2007
270 ## - ADDRESS
Address 4263/3, Ansari Road, Daryaganj
Postal code 110 002
City New Delhi
300 ## - PHYSICAL DESCRIPTION
Extent 207 p
Dimensions 21 cm (Hb)
490 ## - SERIES STATEMENT
Series statement India Bookvarsity Lotus choices edited by Mahendra Kulasrestha
700 1# - ADDED ENTRY--PERSONAL NAME
Personal name Kulshrestha, Mahendra
942 ## - ADDED ENTRY ELEMENTS (KOHA)
Institution code [OBSOLETE] dpl
Item type English Books
Source of classification or shelving scheme Dewey Decimal Classification
Classification part 954.01
Call number suffix MAC
Holdings
Withdrawn status Lost status Not for loan Collection code Home library Current library Source of acquisition Cost, normal purchase price Full call number Barcode Copy number Cost, replacement price Koha item type
    Not For Loan Non-fiction D.B.Act.Division D.B.Act.Division DBAD/PUB 450.00 954.01 MAC EN-70506 1 450.00 English Books

© Delhi Public Library
Hit Counter
free hit counter